Alle Gerichte von Rheinland-Pfalz - Statistiken

Allgemein
  • Dieses Quiz wurde 38 mal gespielt
  • Das Durchschnittsergebnis liegt bei 53 aus 74
Antwortstatistiken
Gerichtsbezeichnung Standort % Korrekt
Landgericht Kaiserslautern
100%
Amtsgericht Kaiserslautern
100%
Arbeitsgericht Kaiserslautern
100%
Landgericht Mainz
100%
Amtsgericht Mainz
100%
Landesarbeitsgericht RP Mainz
100%
Arbeitsgericht Mainz
100%
Landessozialgericht RP Mainz
100%
Sozialgericht Mainz
100%
Verwaltungsgericht Mainz
100%
Verfassungsgerichtshof RP Koblenz
97%
Oberlandesgericht Koblenz
97%
Landgericht Koblenz
97%
Amtsgericht Koblenz
97%
Arbeitsgericht Koblenz
97%
Sozialgericht Koblenz
97%
Oberverwaltungsgericht RP Koblenz
97%
Verwaltungsgericht Koblenz
97%
Landgericht Trier
97%
Amtsgericht Trier
97%
Arbeitsgericht Trier
97%
Sozialgericht Trier
97%
Verwaltungsgericht Trier
97%
Amtsgericht Worms
97%
Amtsgericht Speyer
94%
Sozialgericht Speyer
94%
Landgericht Bad Kreuznach
84%
Amtsgericht Bad Kreuznach
84%
Amtsgericht Ludwigshafen
84%
Arbeitsgericht Ludwigshafen
84%
Amtsgericht Neustadt
84%
Finanzgericht Neustadt
84%
Verwaltungsgericht Neustadt
84%
Landgericht Landau
81%
Amtsgericht Landau
81%
Pfälzisches Oberlandesgericht Zweibrücken
81%
Landgericht Zweibrücken
81%
Amtsgericht Zweibrücken
81%
Amtsgericht Bitburg
78%
Amtsgericht Pirmasens
75%
Amtsgericht Bingen
72%
Amtsgericht Alzey
69%
Amtsgericht Cochem
69%
Amtsgericht Idar-Oberstein
69%
Amtsgericht Neuwied
69%
Amtsgericht Bad Neuenahr
66%
Landgericht Frankenthal
63%
Amtsgericht Frankenthal
63%
Amtsgericht Germersheim
59%
Amtsgericht Mayen
59%
Amtsgericht Wittlich
59%
Amtsgericht Bad Dürkheim
56%
Amtsgericht Kusel
56%
Amtsgericht Andernach
53%
Amtsgericht Bernkastel
53%
Amtsgericht Montabaur
53%
Amtsgericht Prüm
53%
Amtsgericht Altenkirchen
50%
Amtsgericht Daun
50%
Amtsgericht Lahnstein
44%
Amtsgericht Grünstadt
41%
Amtsgericht Saarburg
41%
Amtsgericht Simmern
41%
Amtsgericht Bad Sobernheim
34%
Amtsgericht Diez
34%
Amtsgericht Sinzig
34%
Amtsgericht Westerburg
34%
Amtsgericht Landstuhl
28%
Amtsgericht Rockenhausen
28%
Amtsgericht Betzdorf
25%
Amtsgericht Linz
25%
Amtsgericht Hermeskeil
22%
Amtsgericht Sankt Goar
19%
Amtsgericht Kandel
16%
Keine übereinstimmenden Quizze gefunden
Verteilung der Resultate
Anzahl Personen mit jedem Resultat
Perzentil nach korrekt beantworteten Fragen
Ihre Resultats-Entwicklung
Sie haben dieses Quiz noch nicht gespielt